000 00618nam a2200181 4500
999 _c170541
_d170541
005 20191217145858.0
010 _aENG-127171
020 _a9789353434519
_c899.00
035 _aEN-110703
037 _bDBAD/PUB
082 _a480
100 _aIbrar, I.
245 _aPTE academic 79 plus :
_cby I.Ibrar
_bget your dream score /
260 _aNoida
_bPearson India Education
_c2020
270 _a15th Floor, Tower-B, World Trade Tower, Plot No. 1 Block- C, Sector-16
_bNoida, Uttar Pradesh
_e201301
_mcompanysecretary.india@pearson.com
300 _a225p.
_c25cm(pbk)
942 _2ddc
_cEN
_h480
_mIBR